[Event "Duesseldorf-ch"]
[Site "Duesseldorf"]
[Date "2004.10.06"]
[Round "2"]
[White "Kappelt, Joerg"]
[Black "Borgmann, Jens"]
[Result "1-0"]
[WhiteElo "2159"]
[BlackElo "1939"]
[PlyCount "54"]
[EventDate "2004.09.29"]
[EventType "swiss"]
[EventRounds "7"]
[EventCountry "GER"]
[SourceTitle "EXT 2006"]
[Source "ChessBase"]
[SourceDate "2005.11.24"]
[SourceVersion "1"]
[SourceVersionDate "2005.11.24"]
[SourceQuality "1"]

1. f4 g6 2. Nf3 d6 3. d4 Bg7 4. e4 Nf6 5. Nc3 c5 6. d5 0-0 7. Be2 b5 8. e5 dxe5 9. fxe5 Ng4 10. Bf4 f6 11. e6 a6 12. h3 Nh6 13. g4 b4 14. Na4 Qa5 15. c4 bxc3 16. bxc3 g5 17. Bg3 f5 18. Be5 Bxe5 19. Nxe5 Qc7 20. Nf3 Qg3+ 21. Kd2 c4 22. Nc5 a5 23. Kc2 Na6 24. Qd2 f4 25. Rag1 Qh4 26. Qe1 Qxe1 27. Rxe1 Nxc5 1-0